Zavádění Progresivní soustavy hnojení na okrese Litoměřice

Bibliographic Details
Main Author: Vilhelm, Václav, 1956- (Author)
Format: Article
Language:Czech

MARC

LEADER 00000nab a2200000uu 4500
001 vtls011448969
003 SK-MaSNL
005 20260303111337.0
008 230121|1976 xo |||||||||||||||||cze|
015 |a SNBRB 
035 |a (urnnbn)urn:nbn:sk:snk:ar-0061ab 
035 |a (uuid)8147118f-6600-4442-956b-90bb35da912b 
035 |a urn:nbn:sk:snk-abclhs 
040 |a SNKBUCL  |b slo  |c SNKBUCL  |e AACR2 
041 0 |a cze 
044 |a xo  |c SK 
100 1 |a Vilhelm, Václav,  |d 1956-  |4 aut  |9 182091 
245 1 0 |a Zavádění Progresivní soustavy hnojení na okrese Litoměřice  |c Václav Vilhelm 
773 0 |t Agrochémia : časopis pre chemizáciu poľnohospodárstva  |g Roč. 16, č. 5 (1976), s. 158-159 
954 |a odborná, vedecká literatúra cudzojazyčná (svetová)  |2 lita 
958 |a OND 
958 |a EUIPO 
958 |a article16 
999 |c 1876321  |d 1878251